000 00528nam a2200205Ia 4500
005 20240823045525.0
008 240823s9999||||xx |||||||||||||| ||und||
020 _a81-250-0096-8
041 _aENGLISH
082 _A420 N4
100 _aHumanities
245 0 _aEnglish for Engineers and Technologists 2
250 _a1st
260 _c1994
_b"Orient,Hydrabad"
500 _aTRANSFERED
650 _aENG
_bSoftware Engineering
700 _a" Social science Division,Anna University"
942 _cBK
999 _c215155
_d215155